logo

Bir Sreshtho Munshi Abdur Rouf Library
Jhenaidah Cadet College

Julius Caesar : (Record no. 10495)

MARC details
000 -LEADER
fixed length control field 00660nam a2200229 a 4500
001 - CONTROL NUMBER
control field 10495
003 - CONTROL NUMBER IDENTIFIER
control field BD-JhCC
005 - DATE AND TIME OF LATEST TRANSACTION
control field 20180430173825.0
008 - FIXED-LENGTH DATA ELEMENTS--GENERAL INFORMATION
fixed length control field 180430s160 nbu |||| |||| 000 0 eng d
020 ## - INTERNATIONAL STANDARD BOOK NUMBER
International Standard Book Number 822000202
035 ## - SYSTEM CONTROL NUMBER
System control number (BD-JhCC)10495
040 ## - CATALOGING SOURCE
Original cataloging agency BD-JhCC
Language of cataloging eng
Transcribing agency BD-JhCC
082 ## - DEWEY DECIMAL CLASSIFICATION NUMBER
Classification number 822.33
Item number ROB 1960
100 ## - MAIN ENTRY--PERSONAL NAME
Personal name Roberts, James L.
245 ## - TITLE STATEMENT
Title Julius Caesar :
Remainder of title notes, including scene by scene synopsis ... /
Statement of responsibility, etc. James L. Roberts,
260 ## - PUBLICATION, DISTRIBUTION, ETC.
Place of publication, distribution, etc. USA :
Name of publisher, distributor, etc. Cliff's Notes,
Date of publication, distribution, etc. 1960
300 ## - PHYSICAL DESCRIPTION
Extent 62 p. :
Size of unit 21 cm.
504 ## - BIBLIOGRAPHY, ETC. NOTE
Bibliography, etc. note Includes bibliography
650 ## - SUBJECT ADDED ENTRY--TOPICAL TERM
Topical term or geographic name entry element Julius Caesar (Shakespeare, William)
650 ## - SUBJECT ADDED ENTRY--TOPICAL TERM
Topical term or geographic name entry element English drama
942 ## - ADDED ENTRY ELEMENTS (KOHA)
Source of classification or shelving scheme Dewey Decimal Classification
Koha item type Books
Holdings
Withdrawn status Lost status Source of classification or shelving scheme Damaged status Not for loan Home library Current library Shelving location Date acquired Cost, normal purchase price Total Checkouts Full call number Barcode Date last seen Copy number Price effective from Koha item type
    Dewey Decimal Classification     JCC Rouf Library JCC Rouf Library General Stacks 04/30/2018 1.00   822.33 ROB 1960 14058 04/30/2018 C-1 04/30/2018 Books

JCC Library | Contacts | JCC Home

Last Update on 23 September 2017
Copyright @ 2017-2020 JCC Rouf Library
Rouf Library, Jhenidah Cadet College (JCC), Bangladesh